01405 a2200193 4500003000500000005001700005040000900022082001600031100002600047245006600073260004900139300000900188505079600197600002600993650003701019942001201056999001901068952012401087Nust20221226102211.0 cNust a621.388,CAH aCahill John T9105868 aBefore the Federal Communications Commission /cCahill John T aLondonbNational broadcasting companyc1953. a697p aTechnical signal specifications proposed as standards for color television (Page-35), Survey of audience reaction to RCA color television (Page-43), NBC color television programming plans and policies (Page-89), Principles and development of color television systems (Page-101), RCA tricolor kinescopes and assosiated components (Page-263), Receivers for the RCA color television system (Page-309), Enginering study of picture quality in the RCA color television system (Page-371), Comparison of monochrome and color television with reference to susceptibility to various types of interference (Page-417), Terminal equipment for the RCA color television system (Page-439), NBC operating experience with the RCA color television system (Page 515), Networking RCA color television (Page-679). aJohn T Cahill9105869 aCommunication Commission9105870 2ddccBK c183295d183295 00102ddc4070aMCSbMCScGENd2016-12-12o621.388,CAHpMCS6653r2016-12-08w2016-12-12yBKzAlmirah No.39, Shelf No.4